The Heritage of African poetry : (Record no. 71356)
[ view plain ]
| 000 -LEADER | |
|---|---|
| fixed length control field | 00872cam7a220025300 4500 |
| 001 - CONTROL NUMBER | |
| control field | lce01734004 |
| 008 - FIXED-LENGTH DATA ELEMENTS--GENERAL INFORMATION | |
| fixed length control field | 840808s1985 enka 001 0 eng |
| 010 ## - LIBRARY OF CONGRESS CONTROL NUMBER | |
| LC control number | 84019360 |
| 020 ## - INTERNATIONAL STANDARD BOOK NUMBER | |
| Terms of availability | L.2.95 |
| 035 ## - SYSTEM CONTROL NUMBER | |
| System control number | (Sirsi) r122473 |
| 035 ## - SYSTEM CONTROL NUMBER | |
| System control number | (DLC) 84019360 |
| 035 ## - SYSTEM CONTROL NUMBER | |
| System control number | (UPRA)lce01734004 |
| 050 0# - LIBRARY OF CONGRESS CALL NUMBER | |
| Classification number | PL8011 |
| Item number | .H4 1985 |
| 082 0# - DEWEY DECIMAL CLASSIFICATION NUMBER | |
| Classification number | 808.81/0096 |
| Edition number | 19 |
| 245 04 - TITLE STATEMENT | |
| Title | The Heritage of African poetry : |
| Remainder of title | an anthology of oral and written poetry / |
| Statement of responsibility, etc. | edited with an introduction and notes by Isidore Okpewho. |
| 260 ## - PUBLICATION, DISTRIBUTION, ETC. | |
| Place of publication, distribution, etc. | Burnt Mill, Essex, England : |
| Name of publisher, distributor, etc. | Longman, |
| Date of publication, distribution, etc. | 1985. |
| 500 ## - GENERAL NOTE | |
| General note | Includes index. |
| 504 ## - BIBLIOGRAPHY, ETC. NOTE | |
| Bibliography, etc. note | Includes bibliographical references. |
| 650 #0 - SUBJECT ADDED ENTRY--TOPICAL TERM | |
| Topical term or geographic name entry element | African poetry. |
| Linkage | S398.1 |
| 700 1# - ADDED ENTRY--PERSONAL NAME | |
| Personal name | Okpewho, Isidore. |
| Linkage | A2073.1 |
| 949 ## - LOCAL PROCESSING INFORMATION (OCLC) | |
| a | PL8011 |
| w | lcc |
| i | -176216 |
| m | MAIN |
| t | BOOK |
| l | ON-SHELF |
| 949 ## - LOCAL PROCESSING INFORMATION (OCLC) | |
| a | PL8011 |
| w | lcc |
| i | 33729000483425 |
| m | MAIN |
| t | BOOK |
| l | ON-SHELF |
No items available.